Normal view
MARC view
- Haider Sami (00000205152)
Entry Personal Name
001 - CONTROL NUMBER
- control field: 116539
003 - CONTROL NUMBER IDENTIFIER
- control field: NUST
005 - DATE AND TIME OF LATEST TRANSACTION
- control field: 20230912170003.0
008 - FIXED-LENGTH DATA ELEMENTS
- fixed length control field: 230912|| aca||aabn | a|a d
040 ## - CATALOGING SOURCE
- Original cataloging agency: NUST
- Transcribing agency: NUST
100 ## - HEADING--PERSONAL NAME
- Personal name: Haider Sami (00000205152)
670 ## - SOURCE DATA FOUND
- Source citation: Work cat.: (NUST): Haider Sami (00000205152), Techno Economic Analysis of Electric Vehicle Policy : The Case of Pakistan /, 2020
